| 000 | 01401cam a22003374a 4500 | ||
|---|---|---|---|
| 999 |
_c27131 _d27131 |
||
| 001 | 13951645 | ||
| 003 | OSt | ||
| 005 | 20170207123852.0 | ||
| 008 | 050504s2005 paua c 001 0 eng | ||
| 010 | _a 2005926941 | ||
| 020 | _a0764321943 (pbk.) | ||
| 040 |
_aDLC _cDLC |
||
| 042 | _apcc | ||
| 043 |
_an-us-ny _an-us--- |
||
| 050 | 0 | 0 | _aNK7398.E44A4 2005 |
| 100 | 1 |
_aDippo, Cathryn S. _d2005- |
|
| 245 | 1 | 0 |
_aEmmons fashion magic jewelry / _cCathryn S. Dippo and Janet L. Dippo. |
| 246 | 3 | 0 | _aFashion magic jewelry |
| 260 |
_aAtglen, PA : _bSchiffer Pub., _c2005. |
||
| 300 |
_a173 p. : _bcol. ill. ; _c28 cm. |
||
| 440 | 2 | _aA Schiffer book for collectors | |
| 500 | _aIncludes index. | ||
| 610 | 2 | 0 |
_aEmmons Jewelry (Firm) _vCatalogs. |
| 650 | 0 |
_aCostume jewelry _zNew York (State) _zNewark _xHistory _y20th century _vCatalogs. |
|
| 650 | 0 |
_aCostume jewelry _xCollectors and collecting _zUnited States _vCatalogs. |
|
| 700 | 1 | _aDippo, Janet L. | |
| 906 |
_a7 _bcbc _corignew _d2 _eepcn _f20 _gy-gencatlg |
||
| 942 |
_2lcc _cBOOKS _hNK7398.E44A4 2005 _k34758 |
||